LEADER 01645nam a2200361 a 4500 001 000000133964 003 CaOOAMICUS 005 20130521124309.0 008 130521s2013 gw 001 u eng r 020 $a978-3-7278-1737-3 (Academic Press) 020 $a978-3-525-54381-8 (Vandenhoeck & Ruprecht) 040 $aPUL$bita 082 04$a220.05 100 1 $aThompson, Richard Jude.$0(OLS)http://pul/name/86325 245 10$aTerror of the radiance :$bAssur covenant to Yhwh covenant /$cRichard Jude Thompson. 260 $aFribourg :$bAcademic Press ;$aGöttingen :$bVandenhoeck & Ruprecht,$cİ2013. 300 $aVII, 260 p. ;$c24 cm. 490 1 $aOrbis biblicus et orientalis ;$v258 504 $aBibliografia in nota. 546 $aSummary in inglese. 650 4$aAssiriologia$xStudi.$0(OLS)http://pul/subject/39320 830 0$aOrbis biblicus et orientalis ;$v258.$0(OLS)http://pul/title/14045 850 $aPUL 852 $aPUL$W1$xSL Religione 3$y85$m220. 05 COLL 1.258$j154031$qDDC 21$B153582$CPULBib$Z2$F153582 $H122440 $82 941 1 $a9 983 0$aOBO. 996 $6020$a978-3-7278-1737-3 (Academic Press)$9(OLS)http://pul/number/152738 996 $6020$a978-3-525-54381-8 (Vandenhoeck & Ruprecht)$9(OLS)http://pul/number/152739 996 $6082$a220.05$9(OLS)http://pul/classification/282 996 $6245$aTerror of the radiance :$bAssur covenant to Yhwh covenant$9(OLS)http://pul/title/169355 996 $6260$aFribourg :$bAcademic Press$9(OLS)http://pul/publisher/75910 996 $6260$aGöttingen :$bVandenhoeck & Ruprecht$9(OLS)http://pul/publisher/47973 LEADER 01218nam a2200301 a 4500 001 000000136882 003 CaOOAMICUS 005 20131218130525.0 008 131218s2013 it u000 u ita r 020 $a978-88-08-05881-2 040 $aPUL$bita 082 04$a348 100 1 $aCuomo Ulloa, Francesca.$0(OLS)http://pul/name/79448 245 13$aLa nuova mediazione :$bprofili applicativi /$cFrancesca Cuomo Ulloa. 260 $aBologna :$bZanichelli,$cİ2013. 300 $aV, 368 p. ;$c25 cm. 490 1 $aStrumenti del diritto ;$v34 504 $aBibliografia in nota. 650 4$aMediazione (Diritto).$0(OLS)http://pul/subject/18433 830 0$aStrumenti del diritto ;$v34.$0(OLS)http://pul/title/136502 850 $aPUL 852 $aPUL$W1$xSL Diritto e Scienze Sociali 3$y79$m348 COLL 1.34$j157765$qDDC 21$B157191$CPULBib$Z2$F157191 $H123338 $82 941 1 $a9 996 $6020$a978-88-08-05881-2$9(OLS)http://pul/number/154238 996 $6082$a348$9(OLS)http://pul/classification/2532 996 $6245$aLa nuova mediazione :$bprofili applicativi$9(OLS)http://pul/title/173297 996 $6260$aBologna :$bZanichelli$9(OLS)http://pul/publisher/48255